The Reader's Digest Reading Skill Builder.

Guardat en:
Dades bibliogràfiques
Autor principal: Cooke, Dorothy E. (supervisor)
Altres autors: Dawson, Mildred A. (supervisor), Thomas, Lydia Austill (executive editor)
Format: Llibre
Publicat: Nueva York, USA: The Reader's Digest Association, 1952.
Matèries:
Etiquetes: Afegir etiqueta
Sense etiquetes, Sigues el primer a etiquetar aquest registre!

MARC

LEADER 00000nam a2200000 a 4500
001 UCN3036
003 CL-VaPUC
005 20230718092436.0
008 230622t1952 ||||| |||| 00| 0 eng d
999 |c 441229  |d 441227 
040 |c Pontificia Universidad Católica de Valparaíso 
082 0 4 |2 21  |a 372.4 COO 1952 
100 1 |a Cooke, Dorothy E.  |e supervisor  |9 883425 
245 1 0 |a The Reader's Digest Reading Skill Builder. 
260 |a Nueva York, USA:  |b The Reader's Digest Association,  |c 1952. 
300 |a 127 páginas. 
500 |a c.1 Donación Marianne Oesterle. Memo EDU 8-06-2023 
583 |k Catalogador Asistente  |c 20230629 
650 1 |a Lectura en inglés   |9 883557 
650 1 |a Habilidades en lectura  |9 567997 
700 |a Dawson, Mildred A.  |e supervisor  |9 883426 
700 |a Thomas, Lydia Austill  |e executive editor  |9 883427 
942 |c BK  |2 ddc 
952 |0 0  |1 0  |2 ddc  |4 0  |6 372_400000000000000_COO_1952  |7 0  |8 A  |9 590547  |a BIBEDU  |b BIBEDU  |c GEN  |d 2023-06-22  |e Donación  |i 5656695  |o 372.4 COO 1952  |p 5656695  |r 2023-06-22  |t 1  |w 2023-06-22  |y BK  |k CIT